| 000 | 01099nam a22003137a 4500 | ||
|---|---|---|---|
| 003 | CHAP | ||
| 005 | 20220329135617.0 | ||
| 008 | 971013s1988 r 00010 d | ||
| 010 | _a39267 | ||
| 011 | _a40239 | ||
| 035 | _a44364 | ||
| 040 | _cCHAP | ||
| 100 | 0 | 0 |
_aMondragón Pedrero, Guillermo. _977486 |
| 245 | _aContribution a l'etude des sevils de nusibilite biologique de quelques especes d' avoine dan une culture de ble | ||
| 260 |
_aRennes : _bLe auter, _c1988 |
||
| 300 | _ac.a. 195 h | ||
| 500 | _aThese (Unversite de Rennes. Ecole Nationale Superieure Agronomique) -- Docteur. Ingenieur en Sciences Agronomiques | ||
| 590 |
_aBATCH-UPD _b10 _c20130110 _lUCH01 _h0057 |
||
| 590 |
_aBATCH-UPD _b10 _c20130110 _lUCH01 _h1114 |
||
| 590 |
_aBATCH-UPD _b10 _c20130410 _lUCH01 _h0705 |
||
| 590 |
_aBATCH-UPD _b10 _c20130914 _lUCH01 _h2052 |
||
| 590 |
_aCONVERSION _b10 _c20130109 _lUCH01 _h1322 |
||
| 650 | 1 | 4 |
_aAvena fatua. _98557 |
| 650 | 1 | 4 |
_aPlantas _xCompetencia. _988798 |
| 650 | 1 | 4 |
_aTrigo. _9114954 |
| 901 | _aBK | ||
| 942 | _cTESIS | ||
| 949 |
_bBC _cTES _d-101669 _eTS1 _h20441 _i44364 _mD _si |
||
| 999 |
_c39267 _d39267 |
||